000 01270nam a22003617a 4500
001 0205684017
003 DO-SdBPM
005 20250908133807.0
007 ta
008 161206b1995 sp a ||| 00| 0 spa d
020 _a9681901754
040 _aDO-SdBPM
_bspa
_cBPMSU
_erda
082 4 _a823.91
_bD131ch 1995
_222
100 1 _aDahl, Roald,
_d1916-1990.
_eautora
240 1 _aCharlie and the chocolate factory.
_lEspañol
245 1 0 _aCharlie y la fábrica de chocolate /
_cRoald Dahl ; traducción de Verónica Head ; ilustraciones de Faith Jacques.
260 _c
264 _aMadrid :
_bEdiciones Alfaguara,
_c1995
300 _a172 páginas :
_bilustraciones ;
_c20 cm.
336 _atexto
_btxt
_2rdacontent
337 _asin mediación
_bn
_2rdamedia
338 _avolumen
_bnc
_2rdacarrier
490 0 _aInfantil-juvenil
500 _aIncluye datos biográficos del autora en la solapa de la contracubierta
590 _anventariado, 2025/VM
650 7 _aNovela juvenil inglesa
650 7 _aFábricas de chocolate
_vCuentos juveniles
650 7 _aLiteratura juvenil inglesa
700 1 _aHead, Verónica,
_etraductor
700 1 _aJacques, Faith,
_eilustraciones
910 _aVMateo V. Control de calidad BPMSU
942 _2ddc
_cBK
999 _c12315
_d12315